| 000 | 01627cam a2200397 a 4500 | ||
|---|---|---|---|
| 001 | 16131892 | ||
| 003 | OSt | ||
| 005 | 20140310182727.0 | ||
| 008 | 100312s2011 nyua b 001 0 eng d | ||
| 010 | _a 2010924623 | ||
| 020 | _a9789814336697 | ||
| 035 | _a(OCoLC)ocn548607429 | ||
| 040 |
_aBTCTA _beng _cBTCTA _dUNL _dYDXCP _dBWX _dMOU _dZ5A _dDLC |
||
| 042 | _alccopycat | ||
| 050 | 0 | 0 |
_aG 550 _b.M269 2011 |
| 100 | 1 |
_aMancini, Marc, _d1946- |
|
| 245 | 1 | 4 |
_aThe CLIA guide to the cruise industry / _cMarc Mancini. |
| 246 | 3 | _aGuide to the cruise industry | |
| 260 |
_aClifton Park, NY : _bDelmar Pub, _c2011. |
||
| 300 |
_a242 p. : _b ill. ; _c28 cm. |
||
| 504 | _aIncludes bibliographic references (p. 192-194) and index. | ||
| 505 | 0 | _aWho cruises and why -- The anatomy of a cruise ship -- The cruise experience -- Who's who in cruising -- The pre-, post-, and off-ship cruise experience -- The geography of cruising -- Profiling the lines -- Selling cruises -- Cruise marketing, groups, and incentives. | |
| 520 | _aThis textbook is designed to support CLIA's certification program. | ||
| 521 | _aTOU | ||
| 562 | _eFor circulation. 2 copy available in the collection | ||
| 650 | 0 |
_aCruise lines _xStudy and teaching. |
|
| 650 | 0 |
_aCruise lines _vTextbooks. |
|
| 650 | 0 |
_aOcean travel _xStudy and teaching. |
|
| 650 | 0 |
_aTourism _xMarketing _xStudy and teaching. |
|
| 710 | 2 | _aCruise Lines International Association. | |
| 906 |
_a7 _bcbc _ccopycat _d2 _encip _f20 _gy-gencatlg |
||
| 942 |
_2lcc _cBK _kFOR |
||
| 999 |
_c15408 _d15408 |
||